Novel-letes rurals / (Record no. 67704)

MARC details
000 -LEADER
campo de control de longitud fija 00535nam a2200181 i 4500
001 - NÚMERO DE CONTROL
campo de control 67704
003 - IDENTIFICADOR DE NÚMERO DE CONTROL
campo de control ES-MaACL
007 - CAMPO FIJO DE DESCRIPCIÓN FÍSICA--INFORMACIÓN GENERAL
campo de control de longitud fija t|
008 - DATOS DE LONGITUD FIJA--INFORMACIÓN GENERAL
campo de control de longitud fija 040203s1953 sp ||||1| cat d
100 1# - ENTRADA PRINCIPAL--NOMBRE DE PERSONA
Nombre de persona Galmés, Salvador.
9 (RLIN) 53659
245 10 - MENCIÓN DEL TÍTULO
Título Novel-letes rurals /
Mención de responsabilidad, etc. Salvador Galmés.
260 ## - PUBLICACIÓN, DISTRIBUCIÓN, ETC.
Lugar de publicación, distribución, etc. [Palma de Mallorca] :
Nombre del editor, distribuidor, etc. Moll,
Fecha de publicación, distribución, etc. 1953 (
Fabricante Miramar)
300 ## - DESCRIPCIÓN FÍSICA
Extensión 125 p. ;
Dimensiones 15 cm.
490 1# - MENCIÓN DE SERIE
Mención de serie Biblioteca les illes d'or ;
Designación de volumen o secuencia 52
830 0# - PUNTO DE ACCESO ADICIONAL DE SERIE-TÍTULO UNIFORME
Título uniforme Biblioteca les illes d'or ;
Designación de volumen o secuencia 52
9 (RLIN) 181514
852 ## - LOCALIZACIÓN
Ubicación ES-MaACL
Número de control de estantería C-9361
Sublocalización o colección R.34601
Holdings
Estatus retirado Estado de pérdida Estado de daño No para préstamo Biblioteca de origen Biblioteca actual Ubicación en estantería Fecha de adquisición Fuente de adquisición Total de préstamos Signatura topográfica completa Código de barras Visto por última vez Precio de reemplazo Tipo de ítem Koha
        Biblioteca del Ateneo de Madrid Biblioteca del Ateneo de Madrid Sala Palomar 17/01/2008     C-9361 1070885 23/02/2023 23/02/2023 Libro impreso